| Tag |
First Indicator |
Second Indicator |
Subfields |
| LEADER |
00000cam a2200000 i 4500 |
| 001 |
in00004398521 |
| 005 |
20210422112048.0 |
| 006 |
m fo d f |
| 007 |
cr bn nnnauuuu |
| 008 |
140815s1961 dcub os f001 0 eng d |
| 035 |
|
|
|a ccn00454553
|
| 040 |
|
|
|a NjRocCCS
|b eng
|e rda
|c NjRocCCS
|d UtOrBLW
|
| 043 |
|
|
|a n-us---
|
| 050 |
|
4 |
|a KF4750.Z95
|b U55 1961
|
| 086 |
0 |
|
|a CR 1.2:St 2/961
|
| 110 |
2 |
|
|a United States Commission on Civil Rights,
|e author,
|e issuing body.
|0 http://id.loc.gov/authorities/names/n78095778
|
| 245 |
1 |
4 |
|a The 50 states report submitted to the Commission on Civil Rights by the State Advisory Committees, 1961.
|
| 246 |
3 |
|
|a Fifty states report submitted to the Commission on Civil Rights by the State Advisory Committees, 1961
|
| 264 |
|
1 |
|a [Washington, District of Columbia] :
|b [United States Commission on Civil Rights] :
|b [U.S. Government Printing Office],
|c [1961]
|
| 264 |
|
2 |
|a Washington, D.C. :
|b For sale by the Superintendent of Documents, U.S. Government Printing Office
|
| 264 |
3 |
2 |
|a [Getzville, New York] :
|b William S. Hein and Company,
|c [2014]
|
| 300 |
|
|
|a 1 online resource (vi, 687 pages) :
|b maps.
|
| 336 |
|
|
|a text
|b txt
|2 rdacontent
|
| 337 |
|
|
|a computer
|b c
|2 rdamedia
|
| 338 |
|
|
|a online resource
|b cr
|2 rdacarrier
|
| 490 |
0 |
|
|a HeinOnline legal classics library
|0 http://id.loc.gov/authorities/names/no94001626
|
| 490 |
1 |
|
|a HeinOnline U.S. federal agency documents, decisions, and appeals
|
| 490 |
1 |
|
|a HeinOnline civil rights and social justice
|
| 588 |
|
|
|a Description based on PDF title page, viewed August 15, 2014.
|
| 500 |
|
|
|a Includes index.
|
| 650 |
|
0 |
|a Civil rights
|z United States
|x States.
|
| 650 |
|
0 |
|a Race discrimination
|z United States.
|0 http://id.loc.gov/authorities/subjects/sh85110242
|
| 655 |
|
7 |
|a Electronic books.
|2 local
|
| 776 |
0 |
8 |
|c Original
|w (DLC) 61062453
|
| 830 |
|
0 |
|a U.S. federal agency documents, decisions, and appeals.
|
| 830 |
|
0 |
|a Civil rights and social justice.
|
| 856 |
4 |
0 |
|u http://proxy.library.tamu.edu/login?url=https://www.heinonline.org/HOL/Page?handle=hein.beal/fifstrp0001&id=1&size=2&collection=civil&index=civil
|z Connect to the full text of this electronic book
|t 0
|
| 949 |
|
|
|a KF 4750 .Z95 U55 1961
|w LC
|c 1
|i 454553-2001
|d 9/14/2020
|l MAIN
|m HEN
|q 1
|r Y
|s Y
|t WEB
|u 9/7/2014
|x ENG
|z N-US
|
| 999 |
f |
f |
|s a3008259-a6ad-3add-a358-2a1c22e8f786
|i 55713f99-efec-3b97-a41c-03110b0bd1cd
|t 0
|
| 952 |
f |
f |
|a Texas A&M University
|b College Station
|c Electronic Resources
|d Available Online
|t 0
|e KF4750.Z95 U55 1961
|h Library of Congress classification
|
| 998 |
f |
f |
|a KF4750.Z95 U55 1961
|t 0
|l Available Online
|